Labour Share and Income Inequalities in the European Union, Taking into Account the Level of Development of Economies

Posúdenie vplyvu podielu práce na príjmovú nerovnosť, ktorá sa meria tromi spôsobmi: Giniho indexom hrubého príjmu, Giniho indexom trhových príjmov a Giniho indexom disponibilného príjmu domácností. Na odhad vzťahu medzi Giniho koeficientmi a sociálno-ekonomickými ukazovateľmi boli aplikované dynami...

Descripción completa

Guardado en:
Detalles Bibliográficos
Autor principal: Šoltés, Erik, 1974-
Otros Autores: Gawrycka, Małgorzata, Szymczak, Anna, Kuc-Czarnecka, Marta
Formato: Capítulo de libro
Lenguaje:inglés
Materias:
Etiquetas: Agregar Etiqueta
Sin Etiquetas, Sea el primero en etiquetar este registro!

MARC

LEADER 00000naa a2200000 4500
001 0298152
005 20251219100909.1
041 0 |a eng 
044 |a PL 
245 1 0 |a Labour Share and Income Inequalities in the European Union, Taking into Account the Level of Development of Economies  |c Erik Šoltés, Małgorzata Gawrycka, Anna Szymczak, Marta Kuc-Czarnecka 
520 |a Posúdenie vplyvu podielu práce na príjmovú nerovnosť, ktorá sa meria tromi spôsobmi: Giniho indexom hrubého príjmu, Giniho indexom trhových príjmov a Giniho indexom disponibilného príjmu domácností. Na odhad vzťahu medzi Giniho koeficientmi a sociálno-ekonomickými ukazovateľmi boli aplikované dynamické panelové dátové modely. Štúdia skúmala 25 krajín Európskej únie v období rokov 2011 - 2021. 
610 2 0 |a trh práce 
610 2 0 |a práca 
610 2 0 |a nerovnosť príjmová 
610 2 0 |a indexy 
610 2 0 |a ukazovatele ekonomické 
610 2 0 |a modely 
610 2 0 |a Európska únia 
100 1 |a Šoltés, Erik, 1974- 
700 1 |a Gawrycka, Małgorzata 
700 1 |a Szymczak, Anna 
700 1 |a Kuc-Czarnecka, Marta